Statistiques concernant Les pays limitrophes #1

Cliquez ici pour prendre le quiz!

Statistiques générales

  • Ce quiz a été pris 41 fois
  • Le résultat moyen est 42 sur 63

Statistiques - réponses

QuestionTuileSelect% Correct
pays limitrophes de la Zambie ?ZimbabweOui
90%
pays limitrophes du Guatemala ?CubaNon
88%
pays limitrophes de l'Indonésie ?AustralieNon
85%
pays limitrophes du Guatemala ?ColombieNon
85%
pays limitrophes de l'Indonésie ?TaiwanNon
85%
pays limitrophes de la Zambie ?Afrique du SudNon
83%
pays limitrophes de l'Ouzbékistan ?IndeNon
83%
pays limitrophes de la Zambie ?BurundiNon
80%
pays limitrophes de la Russie ?Corée du SudNon
80%
pays limitrophes de l'Ouzbékistan ?IranNon
80%
pays limitrophes de l'Ouzbékistan ?PakistanNon
80%
pays limitrophes du Guatemala ?PanamaNon
80%
pays limitrophes de l'Indonésie ?PhilippinesNon
80%
pays limitrophes de la Russie ?ChineOui
78%
pays limitrophes du Guatemala ?Costa RicaNon
78%
pays limitrophes de l'Ouzbékistan ?KazakhstanOui
78%
pays limitrophes de la Zambie ?BotswanaOui
75%
pays limitrophes du Guatemala ?MexiqueOui
75%
pays limitrophes de la Croatie ?SlovaquieNon
75%
pays limitrophes de la Croatie ?SlovénieOui
75%
pays limitrophes du Guatemala ?BelizeOui
73%
pays limitrophes de la Croatie ?Bosnie-HerzégovineOui
73%
pays limitrophes du Guatemala ?HondurasOui
73%
pays limitrophes de la Zambie ?MozambiqueOui
73%
pays limitrophes du Guatemala ?NicaraguaNon
73%
pays limitrophes de l'Indonésie ?SingapourNon
73%
pays limitrophes de la Russie ?SuèdeNon
73%
pays limitrophes de l'Indonésie ?MalaisieOui
70%
pays limitrophes de l'Indonésie ?Papouasie-Nouvelle-GuinéeOui
70%
pays limitrophes de l'Indonésie ?ThaïlandeNon
70%
pays limitrophes de l'Indonésie ?Timor OrientalOui
70%
pays limitrophes de l'Ouzbékistan ?TurkménistanOui
70%
pays limitrophes de la Croatie ?KosovoNon
68%
pays limitrophes de la Croatie ?AutricheNon
65%
pays limitrophes de la Russie ?Corée du NordOui
65%
pays limitrophes du Niger ?NigeriaOui
65%
pays limitrophes du Guatemala ?SalvadorOui
65%
pays limitrophes de la Croatie ?SerbieOui
65%
pays limitrophes de l'Ouzbékistan ?TadjikistanOui
65%
pays limitrophes de l'Ouzbékistan ?KirghizistanOui
63%
pays limitrophes de la Russie ?LituanieOui
63%
pays limitrophes de l'Ouzbékistan ?RussieNon
63%
pays limitrophes du Niger ?TchadOui
63%
pays limitrophes du Niger ?TogoNon
63%
pays limitrophes de l'Indonésie ?BruneiNon
60%
pays limitrophes de la Croatie ?ItalieNon
60%
pays limitrophes de la Russie ?NorvègeOui
60%
pays limitrophes de la Zambie ?MalawiOui
58%
pays limitrophes du Niger ?MauritanieNon
58%
pays limitrophes du Niger ?GhanaNon
55%
pays limitrophes de la Zambie ?NamibieOui
53%
pays limitrophes de la Russie ?PologneOui
53%
pays limitrophes de la Russie ?ArménieNon
50%
pays limitrophes de la Russie ?AzerbaïdjanOui
50%
pays limitrophes du Niger ?CamerounNon
50%
pays limitrophes de la Croatie ?MonténégroOui
48%
pays limitrophes de la Zambie ?AngolaOui
45%
pays limitrophes de la Zambie ?République du CongoNon
43%
pays limitrophes du Niger ?AlgérieOui
40%
pays limitrophes du Niger ?Burkina FasoOui
40%
pays limitrophes de l'Ouzbékistan ?AfghanistanOui
35%
pays limitrophes du Niger ?BéninOui
33%
pays limitrophes de la Croatie ?HongrieOui
33%

Distribution des résultats

Percentile par nombre de réponses

% des personnes avec chaque résultat

Votre développement - résultats

Vous n’avez pas pris ce quiz